00490nam a22001577a 450000500170000001000150001702000260003203500140005803700130007208200080008524500680009326000440016127000800020530000280028550000190031320170413173250.0 aENG-117826 c295.00a9789351951278 aEN-101358 bDBAD/PUB a000 aFully updated hachette children?s yearbook and infopedia 2017 / aGurgaonbHachette Book Publishingc2016 a4th & 5th Floors, Corporate Center, Plot No. 94, Sector 44bGurgaone122003 a256p. :c21cm(pbk)bill aIncludes index